[Event "German Bundesliga 2021-22"]
[Site "Germany"]
[Date "2022.03.05"]
[Round "1.8"]
[White "Markgraf, Alexander"]
[Black "Doettling, Fabian"]
[Result "0-1"]
[WhiteElo "2482"]
[BlackElo "2587"]
[Annotator "TA"]
[PlyCount "124"]
[EventDate "2022.03.05"]
[EventType "team-tourn"]
[EventCountry "GER"]
[SourceTitle "playchess.com"]
[Source "ChessBase"]
[SourceQuality "1"]

{[%evp 14,124,30,20,26,20,37,53,58,60,65,55,99,89,80,102,105,60,56,63,68,43,61,48,56,-52,-18,-8,-8,-20,0,-121,-112,-125,-87,-141,-150,-141,-87,-86,-86,-85,-31,-33,0,0,0,-429,0,0,0,-72,-82,-112,-103,-105,-104,-139,-75,-78,-83,-79,-71,-82,-81,-45,-45,-46,-54,-47,-8,-56,-8,-8,-8,-8,-8,-8,-8,-8,-8,-8,-8,-8,-8,-8,-8,-8,-8,-29955,-29956,-29964,-29965,-29963,-102,-102,-102,-104,-104,-104,-8,-8,-8,-8,-8,-8,-8,-29978,-29979,-29980,-29981,-29977,-29978]} 1. e4 c6 2. d4 d5 3. e5 Bf5 4. Nf3 e6 5. Be2 Ne7 6. O-O h6 7. c3 Nd7 8. Na3 Bh7 {8...g5 is setting a new trend. B12: Caro-Kann: Advance Variation.} 9. Nc2 Ng6 {[#]} 10. Nfe1 $146 ({Predecessor:} 10. Bd3 Be7 11. g3 c5 12. h4 c4 13. Be2 O-O 14. Ne3 f6 15. h5 Nh8 16. exf6 Nxf6 {½-½ (37) Giri,A (2764)-Firouzja,A (2728) Chess.com INT 2020}) 10... Be7 {White is slightly better.} 11. f4 O-O 12. Bd3 f6 (12... Nh4 $14 {feels stronger.}) 13. f5 $16 exf5 14. e6 Nb6 {[%cal Of5f4,Bd7b6,Bb6c8,Bc8e7][%mdl 32]} 15. Bxf5 ({Better is} 15. Ne3 $16) 15... Qe8 16. Qg4 Kh8 17. Nd3 Bd6 18. b3 Nc8 19. Qe2 (19. Ne3 $14) 19... Nce7 (19... Nf4 {is more complex.} 20. Nxf4 Bxf5 21. Ba3 Be4 22. c4 g5) 20. Bh3 $132 {[%mdl 2048] White puts up resistance} Qb8 21. g3 Re8 {[%cal Od6g3]} 22. Bxh6 gxh6 $17 23. Rxf6 Rf8 24. Raf1 ({White should play} 24. Rf7) 24... Rxf6 25. Rxf6 {[#]} Bxg3 {[%mdl 512]} 26. hxg3 Qxg3+ 27. Bg2 Nh4 (27... Qg5 $1 $17 {[%cal Rg5f6]} 28. Rf2 (28. Rf7 Bg8 $17) 28... Rf8) 28. Nce1 $1 $15 Nxg2 (28... Bxd3 $5 29. Nxd3 Nef5 $17) 29. Qxg2 Qe3+ 30. Qf2 $2 {[%mdl 8192]} (30. Kh2 $11) 30... Rg8+ $2 (30... Qg5+ $1 $19 31. Kh2 (31. Kf1 $2 Nf5 $19) 31... Qh5+ 32. Kg1 Rg8+ 33. Kf1 Nf5 34. Rxf5 (34. Nf4 $2 Ng3+ 35. Qxg3 Qh1+ 36. Kf2 Rxg3 $19) 34... Bxf5) 31. Kh2 $11 Qg5 32. Rf3 (32. Rf4 $11 {keeps the balance.}) 32... Bf5 $1 $17 {( -> ...Qh5+)} ({Don't do} 32... Be4 33. Ne5 Kh7 34. Rf7+ Rg7 35. N1f3 Bxf3 36. Rxf3 $16 (36. Nxf3 Qg4 $17)) 33. Nf4 {Prevents Qh5+.} Be4 34. Nh3 Qh5 {Black is more active.} 35. Rg3 Bf5 {Really sharp!} (35... Nf5 $142 36. Rxg8+ Kxg8) 36. Ng2 Rxg3 37. Qxg3 Qxh3+ (37... Bxh3 {with more complications.} 38. Nf4 Qg4 39. Nxh3 Qxg3+ 40. Kxg3 Kg7) 38. Qxh3 Bxh3 39. Kxh3 {[%mdl 4096] Endgame KN-KN} Kg7 40. Kg4 Kf6 41. Nf4 b5 42. b4 (42. Kh5 $1 $11 {is superior.}) 42... Ng6 (42... Ng8 $1 $15) 43. Nd3 $1 $11 ({Don't blunder} 43. Nxg6 $2 Kxg6 44. e7 Kf7 $19) 43... Kxe6 44. Kh5 Kf5 45. Kxh6 Nf4 46. Ne5 Ne2 47. Nxc6 a6 48. Kg7 $1 ({Not} 48. Ne7+ $2 Ke4 49. Kg5 Nxc3 $19) 48... Nxc3 {Hoping for ...Ke4.} 49. Kf7 Nxa2 50. Ke7 Ke4 {And now ...Kd3 would win.} (50... Nc1 $5) 51. Kd6 $2 {[%mdl 8192]} (51. Ke6 $11 Nc1 52. Kd6) 51... Nc1 $1 52. Ne7 Kxd4 53. Nxd5 Nd3 $2 (53... Na2 $1 {mates} 54. Kc6 Kc4 55. Ne3+ Kxb4 56. Kc7 a5 57. Kb6 a4 58. Nc2+ Kc4 59. Na3+ Kb3 60. Nxb5 Nc3 61. Nd4+ Kb2 62. Nc6 Nd5+ 63. Kc5 Ne3 64. Ne5 a3 65. Nd3+ Kb1 66. Nb4 Nc2 67. Nd5 Kb2 68. Ne7 a2 69. Nc6 a1=Q 70. Kd6 Qa6 71. Kc7 Qc4 72. Kd6 Qf7 73. Ne5 Qf6+ 74. Kd5 Qd8+ 75. Ke4 Qd4+ 76. Kf5 Ne3+ 77. Ke6 Qd5+ 78. Ke7 Qxe5+ 79. Kf7 Qd6 80. Kg7 Nf5+ 81. Kf7 Qc6 82. Kf8 Qf6+ 83. Kg8 Qg7#) 54. Kc6 $17 Kc4 55. Ne3+ Kxb4 56. Kb6 {[#]} Nc5 (56... Ka4 $1 $17 {Strongly threatening ...a5.} 57. Kxa6 b4) 57. Nd5+ Kc4 58. Ne3+ Kd3 (58... Kd4 $5 {[%cal Rd4e3]} 59. Nf5+ Ke5 $11) 59. Nd5 Kd4 60. Kc6 {[%mdl 8192] [#]} (60. Nb4 $11) 60... Nd3 $1 {Black mates.} 61. Nb6 Nb4+ 62. Kb7 a5 {Weighted Error Value: White=0.48/Black=0.42} 0-1

[Event "German Bundesliga 2021-22"]
[Site "Germany"]
[Date "2022.03.05"]
[Round "1.8"]
[White "Fedorovsky, Michael"]
[Black "Seyb, Alexander"]
[Result "1/2-1/2"]
[WhiteElo "2396"]
[BlackElo "2427"]
[Annotator "NA"]
[PlyCount "62"]
[EventDate "2022.03.05"]
[EventType "team-tourn"]
[EventCountry "GER"]
[SourceTitle "playchess.com"]
[Source "ChessBase"]
[SourceQuality "1"]
[TimeControl "40/5400+30:1800+30"]

1. d4 {[%emt 0:00:00]} Nf6 {[%emt 0:00:00]} 2. c4 {[%emt 0:00:00]} g6 {[%emt 0:00:00]} 3. Nc3 {[%emt 0:00:00]} d5 {[%emt 0:00:00]} 4. cxd5 {[%emt 0:00:00]} Nxd5 {[%emt 0:00:00]} 5. e4 {[%emt 0:00:00]} Nxc3 {[%emt 0:00:00]} 6. bxc3 {[%emt 0:00:00]} Bg7 {[%emt 0:00:00]} 7. Nf3 {[%emt 0:00:00]} c5 {[%emt 0:00:00]} 8. Be2 {[%emt 0:00:00]} O-O {[%emt 0:00:00]} 9. O-O {[%emt 0:00:00]} Bg4 {[%emt 0:36:49]} 10. Be3 {[%emt 0:00:00]} Qa5 {[%emt 0:16:48]} 11. Qb3 {[%emt 0:04:24]} cxd4 {[%emt 0:04:52]} 12. cxd4 {[%emt 0:00:40]} Nc6 {[%emt 0:00:06]} 13. Rad1 {[%emt 0:11:19]} e5 {[%emt 0:12:49]} 14. dxe5 {[%emt 0:23:59]} Qc7 {[%emt 0:00:52]} 15. Rb1 {[%emt 0:14:40]} Bxf3 {[%emt 0:09:01]} 16. gxf3 {[%emt 0:04:03]} Qxe5 {[%emt 0:01:11]} 17. Qxb7 {[%emt 0:07:29]} Nd4 {[%emt 0:00:14]} 18. Qa6 {[%emt 0:10:41]} Qh5 {[%emt 0:02:50]} 19. Kg2 {[%emt 0:09:08]} Be5 {[%emt 0:05:16]} 20. h4 {[%emt 0:01:49]} Rae8 {[%emt 0:02:18]} 21. Rh1 {[%emt 0:03:49]} Bg7 {[%emt 0:05:29]} 22. Bxd4 {[%emt 0:01:30]} Bxd4 {[%emt 0:00:12]} 23. Rb5 {[%emt 0:00:56]} Re5 {[%emt 0:00:47]} 24. a4 {[%emt 0:01:20]} Rxb5 {[%emt 0:01:07]} 25. Qxb5 {[%emt 0:00:13]} Qxb5 {[%emt 0:00:42]} 26. axb5 {[%emt 0:00:10]} Rc8 {[%emt 0:00:58]} 27. Rd1 {[%emt 0:01:59]} Be5 {[%emt 0:00:02]} 28. h5 {[%emt 0:03:44]} Kg7 {[%emt 0:00:36]} 29. hxg6 {[%emt 0:00:13]} hxg6 {[%emt 0:00:02]} 30. Rd7 {[%emt 0:00:40]} Rc7 {[%emt 0:00:22]} 31. Rxc7 {[%emt 0:01:21]} Bxc7 {[%emt 0:00:06]} 1/2-1/2

[Event "German Bundesliga 2021-22"]
[Site "Germany"]
[Date "2022.03.05"]
[Round "1.8"]
[White "Barseghyan, Armen Ar."]
[Black "Lamby, Philipp"]
[Result "1-0"]
[WhiteElo "2351"]
[BlackElo "2151"]
[Annotator "NA"]
[PlyCount "45"]
[EventDate "2022.03.05"]
[EventType "team-tourn"]
[EventCountry "GER"]
[SourceTitle "playchess.com"]
[Source "ChessBase"]
[SourceQuality "1"]
[TimeControl "40/5400+30:1800+30"]

1. d4 {[%emt 0:00:00]} Nf6 {[%emt 0:00:00]} 2. c4 {[%emt 0:00:00]} e6 {[%emt 0:00:00]} 3. Nf3 {[%emt 0:00:00]} d5 {[%emt 0:00:00]} 4. Nc3 {[%emt 0:00:00]} Bb4 {[%emt 0:00:00]} 5. cxd5 {[%emt 0:00:00]} exd5 {[%emt 0:00:00]} 6. Bf4 {[%emt 0:00:00]} O-O {[%emt 0:00:00]} 7. e3 {[%emt 0:00:00]} c5 {[%emt 0:03:18]} 8. dxc5 {[%emt 0:00:00]} Ne4 {[%emt 0:15:55]} 9. Rc1 {[%emt 0:00:00]} Bxc3+ {[%emt 0:21:05]} 10. bxc3 {[%emt 0:00:00]} Nxc5 {[%emt 0:00:09]} 11. Nd4 {[%emt 0:05:16]} Nc6 {[%emt 0:03:17]} 12. Be2 {[%emt 0:03:04]} Nxd4 {[%emt 0:06:22]} 13. cxd4 {[%emt 0:01:38]} Qa5+ {[%emt 0:00:43]} 14. Qd2 {[%emt 0:02:05]} Qxd2+ {[%emt 0:00:51]} 15. Kxd2 {[%emt 0:00:04]} Ne4+ {[%emt 0:00:55]} 16. Ke1 {[%emt 0:00:20]} g5 {[%emt 0:08:05]} 17. Be5 {[%emt 0:15:13]} f6 {[%emt 0:11:40]} 18. Bc7 {[%emt 0:01:58]} g4 {[%emt 0:09:02]} 19. f3 {[%emt 0:00:40]} gxf3 {[%emt 0:00:24]} 20. gxf3 {[%emt 0:00:03]} Ng5 {[%emt 0:00:09]} 21. Rg1 {[%emt 0:00:46]} Kf7 {[%emt 0:02:58]} 22. f4 {[%emt 0:00:50]} Nh3 {[%emt 0:05:30]} 23. Bh5+ {[%emt 0:00:30]} 1-0

[Event "German Bundesliga 2021-22"]
[Site "Germany"]
[Date "2022.03.05"]
[Round "1.8"]
[White "Heinemann, Josefine"]
[Black "Pitl, Jarno"]
[Result "1-0"]
[WhiteElo "2290"]
[BlackElo "1988"]
[Annotator "NA"]
[PlyCount "93"]
[EventDate "2022.03.05"]
[EventType "team-tourn"]
[EventCountry "GER"]
[SourceTitle "playchess.com"]
[Source "ChessBase"]
[SourceQuality "1"]
[TimeControl "40/5400+30:1800+30"]

1. e4 {[%emt 0:00:00]} d5 {[%emt 0:00:00]} 2. exd5 {[%emt 0:00:00]} Qxd5 {[%emt 0:00:00]} 3. Nc3 {[%emt 0:00:00]} Qd8 {[%emt 0:00:00]} 4. d4 {[%emt 0:00:00]} Nf6 {[%emt 0:00:00]} 5. Nf3 {[%emt 0:00:00]} Bg4 {[%emt 0:00:00]} 6. h3 {[%emt 0:00:00]} Bxf3 {[%emt 0:00:00]} 7. Qxf3 {[%emt 0:00:00]} c6 {[%emt 0:00:00]} 8. Be3 {[%emt 0:00:00]} e6 {[%emt 0:00:00]} 9. Bd3 {[%emt 0:00:21]} Nbd7 {[%emt 0:08:18]} 10. O-O {[%emt 0:04:44]} Qc7 {[%emt 0:03:30]} 11. a3 {[%emt 0:04:20]} Be7 {[%emt 0:04:48]} 12. Ne2 {[%emt 0:03:31]} Nd5 {[%emt 0:07:26]} 13. Bd2 {[%emt 0:03:30]} b5 {[%emt 0:07:57]} 14. c4 {[%emt 0:04:41]} bxc4 {[%emt 0:00:37]} 15. Bxc4 {[%emt 0:00:07]} N7b6 {[%emt 0:03:08]} 16. Ba6 {[%emt 0:05:38]} O-O {[%emt 0:11:44]} 17. Rac1 {[%emt 0:03:54]} Nd7 18. b4 {[%emt 0:07:35]} Qb6 {[%emt 0:09:18]} 19. Bd3 {[%emt 0:08:00]} Bf6 {[%emt 0:13:58]} 20. Rc2 {[%emt 0:07:05]} Rac8 {[%emt 0:04:18]} 21. Qe4 {[%emt 0:02:35]} g6 {[%emt 0:00:53]} 22. Rfc1 {[%emt 0:00:27]} Rc7 {[%emt 0:08:34]} 23. Bc4 {[%emt 0:05:21]} Bg7 {[%emt 0:03:33]} 24. Qd3 {[%emt 0:01:08]} Nb8 {[%emt 0:02:23]} 25. Bb3 {[%emt 0:07:08]} Rd8 {[%emt 0:04:38]} 26. Bg5 {[%emt 0:03:00]} Rdd7 {[%emt 0:01:35]} 27. Bh4 {[%emt 0:04:20]} Rb7 {[%emt 0:02:10]} 28. Bg3 {[%emt 0:01:37]} Ne7 {[%emt 0:00:38]} 29. Qe4 {[%emt 0:04:08]} Nf5 {[%emt 0:01:48]} 30. Bxb8 {[%emt 0:04:06]} Rxb8 {[%emt 0:00:01]} 31. Rxc6 {[%emt 0:00:14]} Qd8 {[%emt 0:00:21]} 32. d5 {[%emt 0:01:10]} Nd6 {[%emt 0:01:24]} 33. Qf3 {[%emt 0:01:56]} e5 {[%emt 0:00:01]} 34. Ba4 {[%emt 0:03:08]} Re7 {[%emt 0:01:23]} 35. Qe3 {[%emt 0:01:29]} e4 {[%emt 0:01:26]} 36. Nd4 {[%emt 0:02:33]} Nf5 {[%emt 0:01:31]} 37. Nxf5 {[%emt 0:00:15]} gxf5 {[%emt 0:00:02]} 38. d6 {[%emt 0:02:08]} Rd7 {[%emt 0:00:45]} 39. Qf4 {[%emt 0:04:26]} Bf8 {[%emt 0:01:05]} 40. Qxf5 {[%emt 0:03:35]} Rxd6 {[%emt 0:00:01]} 41. Rxd6 {[%emt 0:00:00]} Qxd6 {[%emt 0:00:00]} 42. Qxe4 {[%emt 0:00:00]} Rb6 {[%emt 0:00:00]} 43. Rc8 {[%emt 0:00:00]} Qh6 {[%emt 0:00:00]} 44. Bc6 {[%emt 0:00:00]} Qe6 {[%emt 0:08:16]} 45. Qxe6 {[%emt 0:00:00]} fxe6 {[%emt 0:00:02]} 46. b5 {[%emt 0:00:00]} a5 {[%emt 0:03:06]} 47. Ra8 {[%emt 0:01:08]} 1-0

[Event "German Bundesliga 2021-22"]
[Site "Germany"]
[Date "2022.03.05"]
[Round "1.9"]
[White "Keymer, Vincent"]
[Black "Nguyen, Thai Dai Van"]
[Result "1/2-1/2"]
[WhiteElo "2664"]
[BlackElo "2613"]
[Annotator "TA"]
[PlyCount "63"]
[EventDate "2022.03.05"]
[EventType "team-tourn"]
[EventCountry "GER"]
[SourceTitle "playchess.com"]
[Source "ChessBase"]
[SourceQuality "1"]

{[%evp 9,63,10,9,6,22,10,17,17,17,10,14,4,8,11,20,12,13,5,14,0,27,15,20,22,27,31,49,54,61,0,0,-18,-12,-10,4,5,7,0,0,0,0,0,0,0,0,0,0,0,0,0,0,0,0,0,0,0]} 1. c4 {Roiz,M} Nf6 2. Nf3 e6 {[%cal Be7e6,Be6d5,Bd5d4][%mdl 32]} 3. b3 c5 4. g3 d5 5. cxd5 exd5 6. Bg2 {A13: English Opening: 1...e6.} Nc6 7. O-O d4 8. Na3 Be7 9. Bb2 O-O 10. Nc4 Be6 11. e3 Rc8 12. exd4 cxd4 {[#]} 13. Rc1 $146 ({Predecessor:} 13. Re1 Bd5 14. Nce5 Nxe5 15. Nxe5 Re8 16. Bf3 Bc5 17. Rc1 Qd6 18. Nd3 Rxe1+ 19. Nxe1 {½-½ (69) Giri,A (2777)-Ding,L (2778) Shamkir 2018 CBM 184 [Roiz,M]}) 13... Bd5 14. d3 Nb4 15. Nxd4 Bxg2 16. Kxg2 b5 $1 17. Ne5 Rxc1 18. Qxc1 {aiming for Nf5.} Qd5+ 19. Ndf3 (19. Nef3 $1 $14) 19... Nxa2 $11 {The position is equal.} 20. Nc6 Bc5 $36 {[%mdl 2048] Black has good play.} 21. Qg5 h6 22. Qxd5 Nxd5 23. Nfe5 Rc8 {[#] White must now prevent ...f6.} 24. Ra1 f6 25. Nxa7 Bxa7 26. Rxa2 Bxf2 27. Kxf2 {[%cal Of2f3]} Nb4 28. Ra5 {[%cal Of2e3] [#] Strongly threatening Ke3!} Rc2+ 29. Kg1 Rxb2 30. Rxb5 fxe5 31. Rxb4 Rd2 32. Rb5 {Weighted Error Value: White=0.06 (flawless) /Black=0.04 (flawless)} 1/2-1/2

[Event "German Bundesliga 2021-22"]
[Site "Germany"]
[Date "2022.03.05"]
[Round "1.9"]
[White "Bartel, Mateusz"]
[Black "Van Foreest, Jorden"]
[Result "1/2-1/2"]
[WhiteElo "2616"]
[BlackElo "2702"]
[Annotator "TA"]
[PlyCount "53"]
[EventDate "2022.03.05"]
[EventType "team-tourn"]
[EventCountry "GER"]
[SourceTitle "playchess.com"]
[Source "ChessBase"]
[SourceQuality "1"]

{[%evp 9,53,8,13,3,8,8,0,-13,0,-16,-14,-9,0,0,0,-21,-1,-38,-27,-25,-21,-33,-25,-24,-25,-45,-9,-20,0,-9,-13,-10,-14,0,0,0,0,0,0,0,0,-7,0,0,5,0]} 1. e4 e5 2. Nf3 Nc6 3. Bc4 Nf6 4. d3 Bc5 5. Nbd2 {[%cal Bb1d2,Bd2f1,Bf1g3,Bg3f5][%mdl 32]} O-O 6. h3 {C50: Hungarian Defence and Giuoco Pianissimo.} a5 {[#]} 7. a4 $146 ({Predecessor:} 7. O-O d6 8. c3 h6 9. Re1 Be6 10. Bb5 Qb8 11. Bxc6 bxc6 12. d4 exd4 13. cxd4 {½-½ (21) Vocaturo,D (2617)-Basso,P (2561) Premium Chess Arena INT 2020}) 7... d6 8. Nf1 Be6 9. Ng3 Bxc4 10. dxc4 h6 11. Qd3 Qd7 12. Nf5 Rfe8 {[%cal Oc6d4]} 13. N3h4 {[#] Hoping for Qg3.} Kh7 14. c3 Nd8 15. Ne3 (15. Qf3 {is interesting.} Qe6 16. Qd3 Ng8 17. Nf3 Qd7 18. O-O) 15... Bxe3 (15... g6 {with more complications.} 16. O-O Ne6 17. Nd5 Ng8 18. Nf3 c6) 16. Bxe3 Ne6 17. O-O Qc6 18. f3 {The position is equal.} Nh5 19. b3 Qd7 20. Kh2 Qd8 21. Bf2 g6 22. g3 {To avoid Nhf4} b6 23. Ng2 Qd7 24. Be3 Nc5 25. Qc2 Qe6 26. Rad1 Nf6 27. Rd2 {Weighted Error Value: White=0.06 (flawless) /Black=0.05 (flawless)} 1/2-1/2

[Event "German Bundesliga 2021-22"]
[Site "Germany"]
[Date "2022.03.05"]
[Round "1.9"]
[White "Banusz, Tamas"]
[Black "Svane, Rasmus"]
[Result "1/2-1/2"]
[WhiteElo "2598"]
[BlackElo "2637"]
[Annotator "TA"]
[PlyCount "50"]
[EventDate "2022.03.05"]
[EventType "team-tourn"]
[EventCountry "GER"]
[SourceTitle "playchess.com"]
[Source "ChessBase"]
[SourceQuality "1"]

{[%evp 13,50,-7,-10,-4,0,-27,0,-37,-26,-40,-42,-48,-21,-24,-31,-19,-8,-11,-32,-28,-25,-4,-10,-12,-12,-11,-6,-10,-14,-6,-8,-7,-15,-17,0,0,0,0,0]} 1. Nf3 d5 2. g3 g6 3. Bg2 Bg7 4. d4 Nf6 5. O-O O-O 6. c3 Nbd7 7. a4 {is now debated instead of 7.Nbd2.} a5 8. Bf4 {D02: 1 d4 d5 2 Nf3 sidelines, including 2...Nf6 3 g3 and 2...Nf6 3 Bf4.} c6 {[#]} 9. h3 $146 ({Predecessor:} 9. Qb3 Nh5 10. Bg5 h6 11. Be3 e6 12. c4 Qe7 13. Qc2 Nhf6 14. Rd1 Ne4 15. Nfd2 Nd6 16. cxd5 exd5 {0-1 (58) Svane,R (2613)-Vidit,S (2726) Chess.com INT 2020}) 9... Re8 10. g4 {[%cal Bg3g4,Bg4g5][%mdl 32]} h5 11. g5 Ne4 12. Nbd2 Nxd2 13. Qxd2 ({Much worse is} 13. Nxd2 e5 14. dxe5 Nxe5 $17) 13... e5 14. dxe5 Nxe5 15. Bxe5 Bxe5 16. e4 $1 Bg7 17. exd5 cxd5 {The position is equal.} 18. Rfe1 Rxe1+ 19. Rxe1 Be6 20. h4 Rc8 21. Bf1 {Inhibits Rc4.} Qd6 22. Nd4 Bd7 23. Nb5 Bxb5 24. Bxb5 Rd8 25. Qd3 Qf4 {Weighted Error Value: White=0.04 (flawless) /Black=0.05 (flawless)} 1/2-1/2

[Event "German Bundesliga 2021-22"]
[Site "Germany"]
[Date "2022.03.05"]
[Round "1.9"]
[White "Stern, Rene"]
[Black "Jones, Gawain C B"]
[Result "1/2-1/2"]
[WhiteElo "2510"]
[BlackElo "2671"]
[Annotator "TA"]
[PlyCount "45"]
[EventDate "2022.03.05"]
[EventType "team-tourn"]
[EventCountry "GER"]
[SourceTitle "playchess.com"]
[Source "ChessBase"]
[SourceQuality "1"]

{[%evp 11,45,15,18,19,35,37,22,35,18,43,5,34,56,-42,60,58,51,68,65,53,61,61,83,84,86,84,86,79,72,72,77,62,81,35,36,0]} 1. Nf3 c5 2. c4 Nc6 3. Nc3 e5 4. g3 g6 5. Bg2 Bg7 6. a3 Nge7 {[%cal Bg8e7,Be7d5,Bd5c3][%mdl 32]} 7. Rb1 {A37: Symmetrical English vs ...g6: 4 Bg2 Bg7 5 Nf3.} O-O 8. d3 d5 9. cxd5 {The position is equal.} Nxd5 {[#]} 10. Nxe5 $146 ({Predecessor:} 10. Nxd5 Qxd5 11. O-O e4 12. Ng5 Qa2 13. Be3 exd3 14. exd3 Rd8 15. Bxc5 Bf5 16. Ne4 {½-½ (64) Semrl,M (2606)-Nefedov,S (2561) ICCF email 2017}) 10... Nxc3 11. Nxc6 Qb6 12. Ne7+ Kh8 {[#]} 13. Nd5 $1 Nxd5 (13... Nxd1 14. Nxb6) 14. Bxd5 Be6 15. Bxe6 Qxe6 16. O-O c4 17. dxc4 Qxc4 18. b3 Qa6 19. Qd3 Qxd3 20. exd3 Rfd8 21. Rd1 Rac8 22. Kf1 ({White should try} 22. d4 $16) 22... Bd4 $14 23. Bb2 {Weighted Error Value: White=0.05 (flawless) /Black=0.06 (flawless)} 1/2-1/2

[Event "German Bundesliga 2021-22"]
[Site "Germany"]
[Date "2022.03.05"]
[Round "1.10"]
[White "Saric, Ivan"]
[Black "Rabiega, Robert"]
[Result "1-0"]
[WhiteElo "2678"]
[BlackElo "2505"]
[Annotator "TA"]
[PlyCount "69"]
[EventDate "2022.03.05"]
[EventType "team-tourn"]
[EventCountry "GER"]
[SourceTitle "playchess.com"]
[Source "ChessBase"]
[SourceQuality "1"]

{[%evp 21,69,44,55,25,60,65,58,60,105,72,99,95,104,104,139,33,116,102,88,67,68,76,130,88,93,100,101,104,110,114,110,104,101,93,131,125,158,160,188,169,256,254,355,357,340,304,337,337,594,320]} 1. e4 e5 2. Nf3 Nf6 3. Nxe5 d6 4. Nf3 Nxe4 5. d4 d5 6. Bd3 Bd6 7. O-O O-O 8. c4 c6 9. Qc2 Na6 10. a3 f5 11. Nc3 Nc7 12. b4 {C42: Petroff Defence: 3 Nxe5 and unusual White 3rd moves.} Be6 13. c5 Be7 {[#]} 14. Ne5 $146 {White is slightly better.} ({Predecessor:} 14. a4 Bf6 15. Bf4 Bf7 16. Be5 Ne6 17. Rfd1 Bh5 18. Be2 Bxe5 19. Nxe5 Nxc3 20. Bxh5 Nxd1 21. Rxd1 Qh4 {0-1 (21) Lampe,D (2212)-Wlodarczyk,O (2252) Germany 2006}) 14... Bg5 (14... Bf6 $14 {should be considered.}) 15. f3 Bxc1 16. Qxc1 Nxc3 17. Qxc3 f4 {[#]} 18. Ra2 ({Better is} 18. a4 $1 $16) 18... Qg5 (18... Bf5 $1 $14) 19. b5 cxb5 20. Qa5 Qe7 21. Rc1 (21. Bxb5 b6 22. Qa4 (22. cxb6 $2 axb6 23. Qxb6 Rfb8 $19) 22... bxc5 $11) 21... Rfc8 (21... Bf5 $142) 22. Rac2 {White is much more active.} (22. Bxb5 $6 b6 23. Nc6 (23. cxb6 $2 Nxb5 24. Rxc8+ Rxc8 $19) 23... Qe8 24. cxb6 axb6 25. Qxb6 Nxb5 26. Qxb5 Rab8 $11) (22. Re2 $142) 22... Bd7 $16 23. Qd2 Rf8 24. Nxd7 Qxd7 25. c6 bxc6 26. Rxc6 Ne8 27. Qb4 {[%cal Od3h7] Inhibits Nd6.} ({Don't do} 27. Bxb5 Nd6 28. a4 Nxb5 29. axb5 Rab8 $14) 27... Nf6 28. Bxb5 {[%cal Oc6f6] Rxf6! is the strong threat.} ({Don't play} 28. Qxb5 $6 Qe7 29. Rd1 Rac8 $11) 28... Qf5 29. Rc7 Qg5 30. Qe7 Rab8 (30... a5 $142 31. Bc6 Rad8 32. Bxd5+ Kh8) 31. a4 $18 a6 32. Qe6+ ({But not} 32. Bxa6 Rbe8 33. Qb4 Re6 $18) 32... Kh8 33. Qxa6 h6 34. Qd6 Ng4 $2 {[#]} (34... Rg8 {was worth a try.} 35. Qe5 Qh4) 35. Rf7 $3 {[%mdl 512] Weighted Error Value: White=0.19 (very precise) /Black=0.42} 1-0

[Event "German Bundesliga 2021-22"]
[Site "Germany"]
[Date "2022.03.05"]
[Round "1.10"]
[White "Ragger, Markus"]
[Black "Pechac, Jergus"]
[Result "1/2-1/2"]
[WhiteElo "2656"]
[BlackElo "2595"]
[Annotator "TA"]
[PlyCount "66"]
[EventDate "2022.03.05"]
[EventType "team-tourn"]
[EventCountry "GER"]
[SourceTitle "playchess.com"]
[Source "ChessBase"]
[SourceQuality "1"]

{[%evp 9,66,28,32,28,31,29,31,30,37,22,27,19,21,19,29,12,39,12,42,39,39,21,32,30,22,27,31,30,25,17,21,20,18,-4,0,-15,-10,-12,-15,-28,0,0,0,0,0,0,0,0,2,0,0,0,0,0,34,0,0,4,4]} 1. e4 e5 2. Nf3 Nc6 3. Bb5 Nge7 4. Nc3 Ng6 5. d4 Nxd4 6. Nxd4 {C60: Ruy Lopez: Unusual Black 3rd moves and 3...g6.} exd4 7. Qxd4 c6 8. Be2 {[%cal Oh2h4] White is slightly better.} Qb6 9. Qd3 Be7 10. O-O O-O 11. a4 {[%cal Ba2a4,Ba4a5][%mdl 32]} d6 12. a5 Qc7 13. f4 {[#]} Bd7 $146 ({Predecessor:} 13... Kh8 14. g3 f5 15. Bf3 fxe4 16. Bxe4 d5 17. Bxg6 hxg6 18. Be3 Bf5 19. Qd2 Bb4 {0-1 (68) Ferreira,J (2516)-Nihal,S (2652) Toledo 2021}) 14. Qc4 Qc8 15. Be3 Re8 16. Bd3 b5 17. axb6 axb6 18. Rxa8 Qxa8 19. Bxb6 Rb8 20. Be3 Rxb2 21. Ne2 {[%cal Bc3e2,Be2g3,Bg3f5][%mdl 32]} c5 22. Qc3 Rb4 23. Ng3 Bc6 24. Qd2 Qb7 (24... h5 $5 {[%cal Rh5h4]}) 25. Qe2 Bf6 26. Bd2 Rb1 27. Nf5 Rxf1+ 28. Kxf1 Qb1+ 29. Qe1 Qb8 30. g3 Ne7 31. Ne3 Bd7 32. c3 g6 33. Qb1 Qxb1+ {Weighted Error Value: White=0.06 (flawless) /Black=0.05 (flawless)} 1/2-1/2

[Event "German Bundesliga 2021-22"]
[Site "Germany"]
[Date "2022.03.05"]
[Round "1.10"]
[White "Papp, Gabor"]
[Black "Tan, Justin"]
[Result "1/2-1/2"]
[WhiteElo "2576"]
[BlackElo "2526"]
[Annotator "TA"]
[PlyCount "47"]
[EventDate "2022.03.05"]
[EventType "team-tourn"]
[EventCountry "GER"]
[SourceTitle "playchess.com"]
[Source "ChessBase"]
[SourceQuality "1"]

{[%evp 17,47,0,0,-14,0,-13,-13,-24,13,-31,0,8,3,7,1,0,0,0,12,2,7,0,34,39,53,20,32,22,27,0,61,13]} 1. e4 e6 2. d4 d5 3. e5 c5 4. c3 Nc6 5. Nf3 Qb6 6. a3 c4 7. Be2 Bd7 8. Nbd2 Na5 9. O-O Ne7 10. a4 {C02: French: Advance Variation.} Nec6 11. Re1 Be7 12. h4 {[#] The position is equal.} O-O-O $146 ({Predecessor:} 12... f6 13. exf6 gxf6 14. Bf1 Rg8 15. b4 cxb3 16. Rb1 O-O-O 17. Nxb3 Qc7 18. Nfd2 Rg7 {0-1 (37) Papp,G (2601)-Diermair,A (2479) Austria 2021}) 13. Bf1 (13. b4 $11 cxb3 14. Rb1) 13... f5 (13... f6 $5 {[%cal Rf6e5]}) 14. Rb1 Qc7 15. b4 cxb3 $1 16. Nxb3 Nxb3 17. Qxb3 Na5 {Prevents c4.} 18. Qa2 {[%cal Oc3c4]} h6 (18... Qxc3 $2 19. Bd2 Qc7 20. Rec1 $18) 19. Ba3 Bc6 20. Bb4 Kb8 21. Qa3 Rhe8 22. h5 Ka8 23. Be2 Rc8 (23... Nc4 $11 24. Bxc4 Bxb4 25. Qxb4 dxc4) 24. Rec1 {Weighted Error Value: White=0.12 (very precise) /Black=0.18 (very precise)} (24. Nd2 $14 {deserves consideration.}) 1/2-1/2